000 01160nam a2200205Ia 4500
003 Ost
005 20260507075121.0
008 260507s9999||||xx |||||||||||||| ||und||
040 _cfsecg
041 _aara
082 _a330
100 _aنادية، العارف
_eمؤلف
245 0 _aالإدارة الإستراتيجية /
_c العارف نادية
260 _aالإسكندرية:
_bالدار الجامعية,
_c2005
300 _a533 صفحة؛
_c24 سم
520 _aطبيعة الإدارة الإستراتيجية-رسالة المنظمة-أنواع الإستراتيجيات-التقييم الخارجي-التقييم الداخلي-تحليل الإستراتيجية والإختيار-القضايا الإدارية-تطبيق الإستراتيجيات-المحاسبة،البحوث والتطوير ونظم المعلومات-مراجعة الإستراتيجيةوالتقييم والرقابة-الإدارة الإستراتيجية الدولية-الإتجاهات العالمية المعاصرة وتأثيرها على مصر
653 _aإدارة
653 _aإستراتيجية
942 _cكتاب
999 _c43086
_d43086